[Event "Nakhchivan Open 2016"]
[Site "Nakhchivan AZE"]
[Date "2016.05.11"]
[Round "2.4"]
[White "Mamedjarova, Turkan"]
[Black "Mirzoev, Azer"]
[Result "0-1"]
[WhiteTitle "WGM"]
[BlackTitle "GM"]
[WhiteElo "2257"]
[BlackElo "2510"]
[WhiteFideId "13402005"]
[BlackFideId "13400304"]
[EventDate "2016.05.10"]

1. d4 d5 2. Nf3 Nf6 3. e3 Bf5 4. Bd3 e6 5. O-O Nbd7 6. b3 Be7 7. Bb2 O-O 8. Nbd2
a5 9. Bxf5 exf5 10. c4 c6 11. Qc2 g6 12. Ne5 Re8 13. a3 Bd6 14. Ndf3 Ne4 15.
cxd5 cxd5 16. Qd3 Ndf6 17. Qb5 Re7 18. Rac1 Qe8 19. Qxe8+ Nxe8 20. Rc2 Nc7 21.
Rfc1 Ra6 22. Nd3 Rb6 23. b4 axb4 24. Nxb4 f4 25. exf4 Bxf4 26. Re1 Bd6 27. Bc1
Bxb4 28. axb4 f6 29. Nd2 Rbe6 30. Nxe4 Rxe4 31. Rxe4 dxe4 32. Kf1 Kf7 33. Ke2
Nd5 34. Bd2 Rc7 35. Rxc7+ Nxc7 36. f3 exf3+ 37. Kxf3 Ke6 38. Ke4 f5+ 39. Kd3 Kd5
40. Be3 Ne6 41. g3 Nd8 42. Bd2 Nc6 43. Bc3 b6 44. h4 b5 45. h5 g5 46. h6 Nd8 47.
Bd2 Ne6 48. Be3 f4 49. gxf4 Nxf4+ 50. Kd2 Ke4 51. Bg1 Nd5 0-1

[Event "Nakhchivan Open 2016"]
[Site "Nakhchivan AZE"]
[Date "2016.05.11"]
[Round "2.5"]
[White "Karayev, Kanan"]
[Black "Rasulov, Vugar"]
[Result "1/2-1/2"]
[WhiteTitle "CM"]
[BlackTitle "GM"]
[WhiteElo "2216"]
[BlackElo "2486"]
[WhiteFideId "13406671"]
[BlackFideId "13402390"]
[EventDate "2016.05.10"]

1. e4 e5 2. Nf3 Nc6 3. Bc4 Bc5 4. O-O Nf6 5. d3 O-O 6. h3 Bb6 7. c3 d6 8. Bb3
Ne7 9. Nbd2 c6 10. Nc4 Bc7 11. Bg5 Ng6 12. Nh4 Nf4 13. d4 Ne6 14. Bxf6 Qxf6 15.
Nf5 Nf4 16. dxe5 dxe5 17. Nce3 Bxf5 18. Nxf5 Rad8 19. Qg4 g6 20. Ne3 Bb6 21.
Rad1 h5 22. Qf3 Kg7 23. Rxd8 Rxd8 24. Rd1 Nd3 25. Qxf6+ Kxf6 26. Nd5+ cxd5 27.
Rxd3 dxe4 28. Rxd8 Bxd8 29. Bd5 b6 30. Bxe4 Ke6 31. g4 hxg4 32. hxg4 Bg5 33. f3
Bc1 34. b3 Kd6 35. Kf2 Bb2 36. c4 Kc5 37. Bd5 f5 38. gxf5 gxf5 39. Ke3 Kb4 40.
Be6 f4+ 41. Kd3 Ka3 42. Bd5 a5 43. Be6 Bd4 44. Kc2 Kxa2 45. c5 bxc5 46. b4+ Ka3
47. bxa5 Kb4 48. Kd3 Kxa5 49. Kc4 e4 50. fxe4 f3 51. Bh3 Kb6 52. Kd5 Kb5 53. e5
f2 54. e6 Bf6 55. Ke4 c4 56. Ke3 c3 57. Kd3 Kb4 58. Kc2 Kc4 59. Bf1+ Kd4 60. Be2 1/2-1/2

[Event "Nakhchivan Open 2016"]
[Site "Nakhchivan AZE"]
[Date "2016.05.11"]
[Round "2.6"]
[White "Khalafova, Narmin"]
[Black "Asadli, Vugar"]
[Result "0-1"]
[WhiteTitle "WIM"]
[BlackTitle "FM"]
[WhiteElo "2193"]
[BlackElo "2397"]
[WhiteFideId "13402625"]
[BlackFideId "13405764"]
[EventDate "2016.05.10"]

1. e4 g6 2. d4 Bg7 3. Nc3 d6 4. Nf3 a6 5. a4 Nc6 6. h3 Nf6 7. Be3 O-O 8. Qd2 e5
9. d5 Ne7 10. g4 c6 11. dxc6 bxc6 12. Bh6 Bxh6 13. Qxh6 Qb6 14. Rb1 d5 15. Bd3
dxe4 16. Bxe4 Qb4 17. O-O Bxg4 18. Nxe5 Bf5 19. Nd3 Qd4 20. Bxf5 Nxf5 21. Qf4
Rab8 22. Rfd1 Qb6 23. Ne5 Rfe8 24. Nd7 Nxd7 25. Rxd7 Rbd8 26. Ne4 Re6 27. Rbd1
Rxd7 28. Rxd7 Qxb2 29. Ng5 Re1+ 30. Kg2 Qe5 31. Qxe5 Rxe5 32. Nxf7 Rc5 33. Ng5
Rxc2 34. Nxh7 Ne3+ 35. Kf3 Nd5 36. Kg4 Rxf2 37. Ng5 Rg2+ 38. Kh4 Ne3 39. Rd8+
Kg7 40. Rd7+ Kf6 41. Rd6+ Kf5 42. a5 c5 43. Nf7 Kf4 44. Nh6 Rg5 45. Rf6+ Nf5+
46. Rxf5+ gxf5 47. Nxf5 Rh5+ 48. Kxh5 Kxf5 0-1

[Event "Nakhchivan Open 2016"]
[Site "Nakhchivan AZE"]
[Date "2016.05.11"]
[Round "2.7"]
[White "Hojjatova, Aydan"]
[Black "Alekseev, Evgeny"]
[Result "1/2-1/2"]
[WhiteTitle "WFM"]
[BlackTitle "GM"]
[WhiteElo "2300"]
[BlackElo "2633"]
[WhiteFideId "13401491"]
[BlackFideId "4138147"]
[EventDate "2016.05.10"]

1. e4 c5 2. Nf3 Nc6 3. Bb5 Nf6 4. Bxc6 dxc6 5. d3 g6 6. h3 Bg7 7. Nc3 O-O 8. Be3
b6 9. Qd2 e5 10. O-O Re8 11. Bh6 Nh5 12. Rae1 Qf6 13. Bxg7 Kxg7 14. Nh2 Nf4 15.
Ne2 Bd7 16. Ng4 Bxg4 17. hxg4 Rad8 18. g3 Ne6 19. Qe3 c4 20. Kg2 cxd3 21. cxd3
Qg5 22. Qxg5 Nxg5 23. f4 Ne6 24. Rd1 Nd4 25. Nxd4 Rxd4 26. Kf3 c5 27. Ke3 f6 28.
Rd2 Re7 29. Rh1 Kg8 30. Rc1 Red7 31. fxe5 fxe5 32. g5 Kg7 33. Rh1 Kg8 34. Rc1
Kg7 35. Rh1 Kg8 1/2-1/2

[Event "Nakhchivan Open 2016"]
[Site "Nakhchivan AZE"]
[Date "2016.05.11"]
[Round "2.8"]
[White "Kuzubov, Yuriy"]
[Black "Fataliyeva, Ulviyya"]
[Result "1-0"]
[WhiteTitle "GM"]
[BlackTitle "WIM"]
[WhiteElo "2632"]
[BlackElo "2301"]
[WhiteFideId "14112906"]
[BlackFideId "13403052"]
[EventDate "2016.05.10"]

1. d4 e6 2. c4 Nf6 3. Nc3 Bb4 4. e3 O-O 5. Ne2 d5 6. a3 Be7 7. cxd5 exd5 8. Nf4
c6 9. Bd3 Bd6 10. O-O a5 11. f3 Qc7 12. g3 Bxf4 13. exf4 c5 14. Nb5 Qb6 15. dxc5
Qxc5+ 16. Kg2 Nc6 17. Qc2 Qxc2+ 18. Bxc2 d4 19. Rd1 Rd8 20. b3 Be6 21. Nc7 Rac8
22. Nxe6 fxe6 23. Bd3 Nd5 24. Kf2 Rd6 25. Bd2 Rcd8 26. Rac1 b6 27. Be4 Na7 28.
a4 Nc8 29. Ke2 Nce7 30. Rc4 Nc6 31. Bxd5 exd5 32. Rcc1 g6 33. Kd3 Kf7 34. Re1
Rc8 35. g4 Rd7 36. h4 Rdc7 37. Rcd1 Kf6 38. h5 gxh5 39. Rh1 hxg4 40. fxg4 Rg7
41. Rh6+ Rg6 42. Rdh1 Nb4+ 43. Bxb4 axb4 44. Kxd4 Rc3 45. Kxd5 Rxb3 46. Ke4 Rxh6
47. Rxh6+ Kg7 48. Rxb6 Rb1 49. Kf5 b3 50. Rb7+ Kg8 51. Kf6 h6 52. Kg6 Kf8 53.
Kxh6 b2 54. Kg5 1-0

[Event "Nakhchivan Open 2016"]
[Site "Nakhchivan AZE"]
[Date "2016.05.11"]
[Round "2.9"]
[White "Khenkin, Igor"]
[Black "Emiroglu, Cankut"]
[Result "1-0"]
[WhiteTitle "GM"]
[BlackTitle "FM"]
[WhiteElo "2575"]
[BlackElo "2302"]
[WhiteFideId "4659600"]
[BlackFideId "6306659"]
[EventDate "2016.05.10"]

1. Nf3 Nf6 2. g3 c5 3. Bg2 g6 4. c4 Bg7 5. Nc3 Nc6 6. O-O O-O 7. d4 cxd4 8. Nxd4
Nxd4 9. Qxd4 d6 10. Qd3 Nd7 11. b3 Nc5 12. Qd2 a5 13. Ba3 Be6 14. Rac1 Qc7 15.
Rfd1 Rab8 16. Nb5 Qb6 17. Qe3 Bf6 18. Bd5 Bxd5 19. Rxd5 Rfc8 20. Rcd1 Nd7 21.
Bxd6 Qxe3 22. fxe3 Nb6 23. Bxb8 Nxd5 24. Rxd5 Rxb8 25. Nd4 Ra8 26. a4 Kf8 27.
Rb5 Ra7 28. c5 e6 29. c6 Bxd4 30. c7 Bxe3+ 31. Kg2 Ra8 32. Rxb7 Rc8 33. Rb8 Ke7
34. Rxc8 Kd7 35. Rf8 Kxc7 36. Rxf7+ Kd6 37. Rxh7 Kd5 38. Kf3 1-0

[Event "Nakhchivan Open 2016"]
[Site "Nakhchivan AZE"]
[Date "2016.05.11"]
[Round "2.10"]
[White "Mammadzada, Gunay"]
[Black "Abasov, Nijat"]
[Result "1/2-1/2"]
[WhiteTitle "WGM"]
[BlackTitle "GM"]
[WhiteElo "2318"]
[BlackElo "2571"]
[WhiteFideId "13403729"]
[BlackFideId "13402960"]
[EventDate "2016.05.10"]

1. e4 c6 2. d4 d5 3. Nc3 dxe4 4. Nxe4 Nf6 5. Nxf6+ exf6 6. c3 Bd6 7. Bd3 O-O 8.
Qc2 h6 9. Ne2 Qc7 10. Be3 Re8 11. O-O-O b5 12. Kb1 Be6 13. h3 Nd7 14. g4 Nb6 15.
Qc1 Bd5 16. Rhg1 Nc4 17. Nf4 Be4 18. Nh5 Nxe3 19. Qxe3 Bg6 20. Qf3 Re7 21. Ng3
Bxg3 22. Qxg3 Bxd3+ 23. Rxd3 Qd7 24. Rgd1 Qd5 25. Qf3 Re4 26. Re3 Rae8 27. Rde1
Rxe3 28. Rxe3 Rxe3 29. Qxe3 f5 30. b3 fxg4 31. hxg4 a5 32. Kb2 Kh7 33. Qd3+ g6
34. c4 Qg2 35. Qe2 b4 36. a3 Qh3 37. axb4 axb4 38. f3 Qg3 39. Qe4 Qf2+ 40. Kb1
Qd2 41. c5 Qc3 42. Ka2 1/2-1/2

[Event "Nakhchivan Open 2016"]
[Site "Nakhchivan AZE"]
[Date "2016.05.11"]
[Round "2.11"]
[White "Malakhatko, Vadim"]
[Black "Mamedjarova, Zeinab"]
[Result "0-1"]
[WhiteTitle "GM"]
[BlackTitle "WGM"]
[WhiteElo "2501"]
[BlackElo "2236"]
[WhiteFideId "14104202"]
[BlackFideId "13401521"]
[EventDate "2016.05.10"]

1. c4 Nf6 2. Nc3 e6 3. Nf3 Be7 4. g4 d5 5. g5 Ne4 6. cxd5 Nxc3 7. dxc3 exd5 8.
Qc2 Bd6 9. Nd4 c6 10. h4 O-O 11. Bd2 f5 12. Bh3 g6 13. h5 Re8 14. Bg2 Bf8 15.
hxg6 hxg6 16. Bf4 Bg7 17. O-O-O Na6 18. e3 Nc5 19. c4 Ne4 20. Kb1 a5 21. Rhg1 a4
22. a3 Ra5 23. f3 Nc5 24. cxd5 cxd5 25. Rd2 Qb6 26. Qd1 Ne6 27. Bg3 Bd7 28. Bf1
Rc8 29. Bf2 Rac5 30. Be2 Bf8 31. e4 Nf4 32. Nc2 Bg7 33. Qc1 d4 34. Rgd1 fxe4 35.
fxe4 Nxe2 36. Rxe2 Bg4 37. Red2 Bxd1 38. Qxd1 Qb3 39. Nxd4 Qxd1+ 40. Rxd1 Rd8
41. Rd2 Rxg5 0-1

[Event "Nakhchivan Open 2016"]
[Site "Nakhchivan AZE"]
[Date "2016.05.11"]
[Round "2.12"]
[White "Ibrahimova, Sabina"]
[Black "Pavlov, Sergey2"]
[Result "0-1"]
[WhiteTitle "WIM"]
[BlackTitle "IM"]
[WhiteElo "2184"]
[BlackElo "2452"]
[WhiteFideId "13403893"]
[BlackFideId "14114330"]
[EventDate "2016.05.10"]

1. e4 c5 2. Nf3 e6 3. d4 cxd4 4. Nxd4 a6 5. Bd3 Nf6 6. O-O e5 7. Nb3 Nc6 8. f4
d6 9. Nc3 Be7 10. Nd5 Nxd5 11. exd5 Nb4 12. Be4 f5 13. fxe5 fxe4 14. a3 Nxc2 15.
Qxc2 dxe5 16. Qxe4 Bf6 17. Be3 O-O 18. Rad1 b6 19. Nd2 Bb7 20. Nc4 b5 21. Nb6
Rb8 22. a4 bxa4 23. Nxa4 Bc8 24. Rf2 Qa5 25. Nc5 Rb4 26. Bd2 Rxe4 27. Bxa5 Rc4
28. b4 e4 29. Rxf6 Rxf6 30. Re1 Rd6 31. Nxe4 Rxd5 32. Nc5 Kf7 33. Rf1+ Kg6 34.
h3 Rc2 35. Rf3 Rg5 36. Rf2 Rxf2 37. Kxf2 Re5 38. Bc7 Rd5 39. Ke3 Kf5 40. Ne4 Bd7
41. Nc3 Re5+ 42. Bxe5 Kxe5 43. h4 Bc6 44. g3 Bd7 45. Kd3 Bb5+ 46. Ke3 Bf1 47. g4
h6 48. Ne4 Bb5 49. g5 h5 50. Nc3 g6 51. Ne4 Kf5 52. Nf6 Ke5 53. Ng8 Be8 54. Nf6
Bc6 55. Ng8 Bd7 56. Nf6 Bf5 57. Ng8 Bb1 58. Nf6 Bc2 59. Kd2 Bf5 60. Ke3 Be6 61.
Ne8 Bd5 62. Nc7 Bb7 63. Ne8 Bc6 64. Nf6 Kf5 65. Ng8 Kg4 66. Ne7 Be8 67. Nd5 Kxh4
68. Kf4 Kh3 69. Nc7 Bb5 70. Kf3 h4 71. Ne6 Bc6+ 72. Kf2 Kg4 73. Kg1 Kg3 74. Nd4
Bf3 0-1

[Event "Nakhchivan Open 2016"]
[Site "Nakhchivan AZE"]
[Date "2016.05.11"]
[Round "2.13"]
[White "Beradze, Irakli"]
[Black "Bagheri, Maziar"]
[Result "1-0"]
[WhiteElo "2425"]
[BlackElo "2266"]
[WhiteFideId "13604597"]
[BlackFideId "12530913"]
[EventDate "2016.05.10"]

1. Nf3 Nf6 2. g3 b6 3. Bg2 Bb7 4. d3 g6 5. e4 d6 6. O-O Bg7 7. Nh4 Qc8 8. f4 c5
9. Nc3 Nc6 10. h3 O-O 11. Be3 Qd7 12. Qd2 Rad8 13. g4 d5 14. Nxd5 Nxd5 15. exd5
Na5 16. c4 e6 17. f5 Qe7 18. fxe6 fxe6 19. Bg5 Bf6 20. Rxf6 Rxf6 21. Re1 Bc8 22.
dxe6 Re8 23. Bd5 Qg7 24. e7+ Kh8 25. Bh6 1-0

[Event "Nakhchivan Open 2016"]
[Site "Nakhchivan AZE"]
[Date "2016.05.11"]
[Round "2.14"]
[White "Sevdimaliyev, Urfan"]
[Black "Enkhtuul, Altan-Ulzii"]
[Result "0-1"]
[WhiteTitle "GM"]
[BlackTitle "WGM"]
[WhiteElo "2400"]
[BlackElo "2208"]
[WhiteFideId "13402463"]
[BlackFideId "4901444"]
[EventDate "2016.05.10"]

1. e4 Nf6 2. e5 Nd5 3. d4 d6 4. Nf3 Bg4 5. Be2 e6 6. h3 Bh5 7. O-O Be7 8. c4 Nb6
9. Nc3 O-O 10. Be3 N8d7 11. exd6 cxd6 12. b3 a6 13. a4 Nf6 14. a5 Nbd7 15. d5 e5
16. Nd2 Bg6 17. b4 Ne8 18. Nb3 f5 0-1

[Event "Nakhchivan Open 2016"]
[Site "Nakhchivan AZE"]
[Date "2016.05.11"]
[Round "2.15"]
[White "Noroozi, Omid"]
[Black "Sevgi, Volkan"]
[Result "0-1"]
[WhiteTitle "IM"]
[BlackTitle "FM"]
[WhiteElo "2391"]
[BlackElo "2210"]
[WhiteFideId "12501190"]
[BlackFideId "6325335"]
[EventDate "2016.05.10"]

1. Nf3 f5 2. d3 d6 3. e4 e5 4. Nc3 c5 5. Bg5 Be7 6. h4 h6 7. Bxe7 Nxe7 8. h5 Be6
9. Nh4 f4 10. Be2 Qd7 11. Bf3 Nbc6 12. Nd5 Rg8 13. c3 O-O-O 14. a3 Kb8 15. b4
Rc8 16. Rb1 Nd8 17. bxc5 dxc5 18. Qb3 Nec6 19. O-O Nf7 20. Nf5 Ng5 21. Bg4 Rcd8
22. Qb5 Ka8 23. Qa4 Bxd5 24. exd5 Qxd5 25. Qb5 Rd7 26. c4 Qf7 27. Qxc5 Qf8 28.
Qb5 f3 29. Nxh6 fxg2 30. Bxd7 Nf3+ 31. Kxg2 gxh6+ 32. Kh1 Nd8 33. Be6 Qe7 0-1

[Event "Nakhchivan Open 2016"]
[Site "Nakhchivan AZE"]
[Date "2016.05.11"]
[Round "2.16"]
[White "Bayramov, Zaur"]
[Black "Kazimova, Narmin"]
[Result "1/2-1/2"]
[BlackTitle "WGM"]
[WhiteElo "2241"]
[BlackElo "2364"]
[WhiteFideId "13405080"]
[BlackFideId "13402951"]
[EventDate "2016.05.10"]

1. c4 e5 2. Nc3 Nc6 3. g3 d6 4. Bg2 Be6 5. d3 Qd7 6. Rb1 a5 7. Nf3 h6 8. a3 Nf6
9. O-O g6 10. b4 axb4 11. axb4 Bg7 12. b5 Ne7 13. Bd2 O-O 14. c5 Bh3 15. b6 Bxg2
16. Kxg2 dxc5 17. Nxe5 Qe6 18. Nc4 Nfd5 19. Nxd5 Nxd5 20. bxc7 Nxc7 21. Rb6 Qd5+
22. f3 Rfe8 23. Rd6 Qh5 24. Qe1 Ra1 25. Qf2 Rxf1 26. Qxf1 b5 27. Ne3 Qe5 28. Rd7
Na6 29. Rb7 b4 30. Qd1 Qe6 31. Kf1 Qh3+ 32. Ng2 Qxh2 33. Kf2 Be5 34. f4 Bg7 35.
e3 c4 36. Qa4 Re6 37. Qd7 Rf6 38. dxc4 Bf8 39. Qe8 Nc5 40. Rb8 Nd3+ 41. Ke2
Qxg2+ 42. Kd1 Nf2+ 43. Kc2 Qe4+ 44. Qxe4 Nxe4 45. Bxb4 Nd6 46. Kd3 Re6 47. e4
Ne8 48. c5 Kh7 49. g4 Bg7 50. f5 gxf5 51. gxf5 Re5 52. c6 h5 53. Be1 Bf6 54. Bg3
Re7 55. Rb7 h4 56. Rxe7 Bxe7 57. c7 Nxc7 58. Bxc7 Bc5 59. Ke2 Kh6 60. Kf3 Kg5
61. Bd8+ Kh5 62. e5 1/2-1/2

[Event "Nakhchivan Open 2016"]
[Site "Nakhchivan AZE"]
[Date "2016.05.11"]
[Round "2.17"]
[White "Pirverdiyev, Agil"]
[Black "Suleymanli, Aydin"]
[Result "1/2-1/2"]
[BlackTitle "CM"]
[WhiteElo "2355"]
[BlackElo "2091"]
[WhiteFideId "13400568"]
[BlackFideId "13413937"]
[EventDate "2016.05.10"]

1. d4 d5 2. c4 c6 3. Nf3 Nf6 4. Qc2 e6 5. g3 Nbd7 6. Bg2 Bd6 7. Nbd2 O-O 8. O-O
Re8 9. Rd1 Qe7 10. e4 Nxe4 11. Nxe4 dxe4 12. Qxe4 e5 13. Qc2 e4 14. Ng5 Nf6 15.
Nh3 h6 16. Bf4 g5 17. Bxd6 Qxd6 18. Kh1 Bg4 19. Rd2 Qd7 20. Ng1 Re7 21. Re1 Bf5
22. Qc3 Rae8 23. Rde2 Rd8 24. d5 Qd6 25. dxc6 Qxc6 26. Qa5 Qc8 27. Qxa7 Qxc4 28.
Qb6 Qd4 29. Qxd4 Rxd4 30. f3 g4 31. fxg4 Bxg4 32. Rc2 Nd5 1/2-1/2

[Event "Nakhchivan Open 2016"]
[Site "Nakhchivan AZE"]
[Date "2016.05.11"]
[Round "2.18"]
[White "Naghdiyev, Niyazi"]
[Black "Mammadova, Narmin"]
[Result "1/2-1/2"]
[WhiteTitle "FM"]
[BlackTitle "WIM"]
[WhiteElo "2351"]
[BlackElo "2183"]
[WhiteFideId "13405519"]
[BlackFideId "13403710"]
[EventDate "2016.05.10"]

1. d4 d5 2. c4 dxc4 3. Nf3 Nf6 4. e3 e6 5. Bxc4 c5 6. O-O Nc6 7. Qe2 a6 8. Rd1
Qc7 9. dxc5 Bxc5 10. a3 O-O 11. b4 Bd6 12. h3 b5 13. Bb3 Bb7 14. Bb2 Ne5 15.
Nbd2 Rad8 16. Rac1 Qb8 17. Nd4 Qa8 18. f3 Rfe8 19. Nf1 Bd5 20. Nd2 Bxb3 21.
N2xb3 Nc4 22. Rc2 Nd5 23. Bc1 Be5 24. Qe1 Bxd4 25. exd4 Qa7 26. Re2 Rc8 27. Rd3
Qc7 28. Nc5 a5 29. bxa5 Qxa5 30. Qxa5 Nxa5 31. Rb2 Rb8 32. Nd7 Rb7 33. Nc5 Rbb8
34. Nd7 Rb7 35. Nc5 Rbb8 1/2-1/2

[Event "Nakhchivan Open 2016"]
[Site "Nakhchivan AZE"]
[Date "2016.05.11"]
[Round "2.19"]
[White "Burmakin, Vladimir"]
[Black "Zarinfam, Arsalan"]
[Result "1/2-1/2"]
[WhiteTitle "GM"]
[BlackTitle "FM"]
[WhiteElo "2554"]
[BlackElo "2301"]
[WhiteFideId "4105109"]
[BlackFideId "12504262"]
[EventDate "2016.05.10"]

1. Nf3 c5 2. g3 Nc6 3. Bg2 g6 4. c4 Bg7 5. O-O Nf6 6. d4 cxd4 7. Nxd4 O-O 8. Nc3
Ng4 9. e3 d6 10. b3 Nxd4 11. exd4 Nh6 12. Bb2 Nf5 13. Ne2 Rb8 14. Qc2 Bd7 15. a4
Bc6 16. d5 Bxb2 17. Qxb2 Bd7 18. Rfe1 a6 19. Nd4 Re8 20. Nxf5 Bxf5 21. Qd4 Qc7
22. Bf1 Qc5 23. Qh4 e5 24. dxe6 Rxe6 25. Rxe6 Bxe6 26. Rd1 Qa3 27. Rd3 b5 28.
axb5 axb5 29. Qd4 bxc4 30. bxc4 Qa4 31. Rd1 Rd8 32. h4 h5 33. Re1 Qc6 34. Qf6
Re8 35. Bd3 Bh3 36. Rxe8+ Qxe8 37. Qxd6 Qe1+ 38. Kh2 Bf5 39. Qb8+ Kh7 40. Qf4
Bxd3 41. Qxf7+ Kh8 42. Qf6+ Kh7 43. Qf7+ 1/2-1/2

[Event "Nakhchivan Open 2016"]
[Site "Nakhchivan AZE"]
[Date "2016.05.11"]
[Round "2.20"]
[White "Mammadov, Zaur"]
[Black "Idrisov, Tabriz"]
[Result "1-0"]
[WhiteTitle "GM"]
[WhiteElo "2465"]
[BlackElo "2273"]
[WhiteFideId "13401033"]
[BlackFideId "13402870"]
[EventDate "2016.05.10"]

1. e4 d6 2. d4 Nf6 3. Nd2 g6 4. Ngf3 Bg7 5. Be2 O-O 6. O-O Nc6 7. a4 e5 8. dxe5
dxe5 9. b3 Nh5 10. Bb2 Re8 11. Re1 a6 12. g3 Be6 13. Nc4 Bxc4 14. Bxc4 Qf6 15.
Qe2 Rad8 16. Rad1 Rxd1 17. Rxd1 Qe7 18. Qe3 Nf6 19. Ng5 Rf8 20. Qc1 Na5 21. Ba3
c5 22. Bd5 Bh6 23. h4 b6 24. Qd2 Nb7 25. Qe2 Bxg5 26. hxg5 Nxd5 27. Rxd5 Ra8 28.
Bb2 Qxg5 29. Rxe5 Qd8 30. Qf3 Nd6 31. Qf4 Ra7 32. Rd5 Rd7 33. Bf6 1-0

[Event "Nakhchivan Open 2016"]
[Site "Nakhchivan AZE"]
[Date "2016.05.11"]
[Round "2.21"]
[White "Bayramov, Elvin"]
[Black "Iskandarov, Misratdin"]
[Result "1-0"]
[BlackTitle "IM"]
[WhiteElo "2262"]
[BlackElo "2419"]
[WhiteFideId "13406655"]
[BlackFideId "13400312"]
[EventDate "2016.05.10"]

1. e4 e5 2. Nc3 Nf6 3. f4 d5 4. fxe5 Nxe4 5. Nf3 Be7 6. d3 Nxc3 7. bxc3 O-O 8.
Be2 c5 9. O-O Nc6 10. Qe1 f6 11. exf6 Bxf6 12. Bd2 b5 13. Rb1 a6 14. Qg3 Ra7 15.
a4 bxa4 16. Ra1 Re7 17. Bd1 Ref7 18. Re1 d4 19. c4 Be7 20. Bg5 h6 21. Bxe7 Rxe7
22. Rxa4 Rxe1+ 23. Nxe1 Qe8 24. Bf3 Ne7 25. Ra1 Nf5 26. Qf2 Ne3 27. h3 Qe5 28.
c3 dxc3 29. Rc1 Kh8 30. Nc2 Nxc2 31. Rxc2 Qd4 32. Kh2 Qxd3 33. Qxc5 Rd8 34. Qa5
Qd6+ 35. Kg1 Re8 36. Qxc3 Qc5+ 37. Kh1 Re3 38. Qd2 Bxh3 39. Qf2 Qa3 40. Ra2 Qc1+
41. Kh2 Bc8 42. Rd2 Re8 43. Bh5 Re1 44. Bg6 Rh1+ 45. Kg3 Qc3+ 46. Rd3 Qe5+ 47.
Qf4 Qe1+ 48. Qf2 Qe7 49. Qf4 Rh4 50. Re3 Rg4+ 51. Kh2 Rxf4 52. Rxe7 Rf8 53. Ra7
Rf6 54. Be4 Rf4 55. Bd5 Bf5 56. Rxa6 Rd4 57. Rd6 Rd3 58. g4 1-0

[Event "Nakhchivan Open 2016"]
[Site "Nakhchivan AZE"]
[Date "2016.05.11"]
[Round "2.22"]
[White "Gasimov, Parviz"]
[Black "Abdulla, Khayala"]
[Result "1/2-1/2"]
[WhiteTitle "FM"]
[BlackTitle "WGM"]
[WhiteElo "2375"]
[BlackElo "2209"]
[WhiteFideId "13408798"]
[BlackFideId "13401807"]
[EventDate "2016.05.10"]

1. e4 c5 2. Nf3 e6 3. b4 cxb4 4. d4 Nc6 5. a3 d5 6. e5 f6 7. axb4 fxe5 8. b5
Nxd4 9. Nxe5 Qh4 10. Be3 Nf5 11. Qd3 Nxe3 12. Qxe3 Nf6 13. Bd3 Bb4+ 14. Nd2 O-O
15. O-O Ng4 16. Nxg4 Qxg4 17. Nf3 Bd6 18. Rfe1 Qh5 19. Ra4 g6 20. c4 Rf4 21. h3
Bd7 22. Nd4 e5 23. Ne2 Rh4 24. Ng3 Qh6 25. Qxh6 Rxh6 26. cxd5 Kg7 27. Ne4 Be7
28. d6 Bf8 1/2-1/2

[Event "Nakhchivan Open 2016"]
[Site "Nakhchivan AZE"]
[Date "2016.05.11"]
[Round "2.23"]
[White "Hasanzade, Toghrul"]
[Black "Ahmadzada, Ahmad"]
[Result "1-0"]
[WhiteTitle "FM"]
[BlackTitle "CM"]
[WhiteElo "2326"]
[BlackElo "2207"]
[WhiteFideId "13407716"]
[BlackFideId "13413007"]
[EventDate "2016.05.10"]

1. e4 c5 2. c3 Nf6 3. e5 Nd5 4. d4 cxd4 5. Qxd4 e6 6. Nf3 Nc6 7. Qe4 f5 8. Qe2
Qc7 9. g3 b6 10. Bg2 Ncb4 11. Qd1 Ba6 12. Bf1 Bxf1 13. Kxf1 Nc6 14. Qe2 Bc5 15.
Kg2 O-O 16. Rd1 Qb7 17. b4 Be7 18. b5 Na5 19. c4 Nb4 20. h4 Qe4 21. Nc3 Qxe2 22.
Nxe2 Nxc4 23. Rxd7 Bc5 24. Nf4 Rfd8 25. Rxd8+ Rxd8 26. a3 Nc2 27. Ra2 Nd4 28.
Nxd4 Rxd4 29. Nxe6 Re4 30. Nxc5 bxc5 31. f4 Kf7 32. a4 Ke6 33. a5 Rd4 34. Kf2
Rd8 35. Ke2 Rd7 36. Ra4 Rd4 37. b6 axb6 38. a6 1-0

[Event "Nakhchivan Open 2016"]
[Site "Nakhchivan AZE"]
[Date "2016.05.11"]
[Round "2.24"]
[White "Balajayeva, Khanim"]
[Black "Mammadova, Gulnar"]
[Result "1-0"]
[WhiteTitle "WFM"]
[BlackTitle "WGM"]
[WhiteElo "2180"]
[BlackElo "2319"]
[WhiteFideId "13406396"]
[BlackFideId "13403508"]
[EventDate "2016.05.10"]

1. e4 g6 2. d4 Nf6 3. Nc3 d5 4. e5 Nh5 5. Be2 Ng7 6. Bh6 Nf5 7. Bxf8 Kxf8 8. Qd2
h5 9. Nf3 Kg7 10. h3 a6 11. O-O-O h4 12. Qf4 Nc6 13. Bd3 Nb4 14. Bxf5 Bxf5 15.
a3 Bxc2 16. axb4 Bxd1 17. Rxd1 e6 18. g3 a5 19. bxa5 Rxa5 20. Ng5 Qe7 21. Rd3
hxg3 22. Qxg3 Rh5 23. h4 Ra1+ 24. Kc2 Ra8 25. Rf3 Rf8 26. Rf6 Rh6 27. h5 c5 28.
hxg6 Rxg6 29. dxc5 Re8 30. Qh3 Rh8 31. Rxg6+ fxg6 32. Nxe6+ Kg8 33. Qg4 Qf7 34.
Nxd5 Rh2 35. Nf6+ Kh8 36. Qf4 Rh3 37. Nh5 Qxf4 38. Nhxf4 Rh2 39. Nd3 Kg8 40. b4
Rh7 41. b5 Re7 42. Nef4 Kf7 43. Nd5 Re8 44. Kc3 Rd8 45. N3f4 Rc8 46. e6+ Kg7 47.
Kd4 g5 48. Nd3 g4 49. e7 Kf7 50. Ne5+ Ke6 51. e8=Q+ 1-0

[Event "Nakhchivan Open 2016"]
[Site "Nakhchivan AZE"]
[Date "2016.05.12"]
[Round "3.2"]
[White "Asadli, Vugar"]
[Black "Safarli, Eltaj"]
[Result "1/2-1/2"]
[WhiteTitle "FM"]
[BlackTitle "GM"]
[WhiteElo "2397"]
[BlackElo "2664"]
[WhiteFideId "13405764"]
[BlackFideId "13402129"]
[EventDate "2016.05.10"]

1. e4 e5 2. Nf3 Nc6 3. Bc4 Bc5 4. c3 Nf6 5. d3 d6 6. Nbd2 a6 7. Bb3 h6 8. Nf1
Be6 9. Ng3 d5 10. Qe2 O-O 11. O-O Re8 12. Rd1 b5 13. d4 exd4 14. cxd4 dxe4 15.
dxc5 exf3 16. Qxf3 Nd4 17. Qc3 Nxb3 18. Rxd8 Raxd8 19. axb3 Rd1+ 20. Nf1 Bd5 21.
f3 Ree1 22. Qxe1 Rxe1 23. Kf2 Rd1 24. Ne3 Rh1 25. Nc2 Nd7 26. b4 g5 27. Bd2 Rxa1
28. Nxa1 f5 29. Bc3 Kf7 30. g3 Kg6 31. Ke3 Nb8 32. Nc2 Nc6 33. Nd4 Ne7 34. h4
f4+ 35. Kf2 fxg3+ 36. Kxg3 gxh4+ 37. Kxh4 h5 38. Bd2 Bf7 39. Bf4 Nd5 40. Be5
Nxb4 41. Bxc7 Bd5 42. c6 Nxc6 43. Nxc6 Bxc6 44. b4 Bxf3 45. Bd8 1/2-1/2